[Event "Mississauga Spring op U2000"]
[Site "Mississauga CAN"]
[Date "2019.03.23"]
[Round "2"]
[White "Dela Torre, Marife O"]
[Black "Orozco, Joey"]
[Result "1/2-1/2"]
[WhiteElo "1920"]
[BlackElo "1820"]
[PlyCount "115"]
[EventDate "2019.03.23"]
[EventType "swiss"]
[EventRounds "5"]
[EventCountry "CAN"]

1. e4 e6 2. d4 d5 3. Nc3 Nf6 4. Bg5 Be7 5. e5 Nfd7 6. h4 h6 7. Be3 a6 8. Qg4
Kf8 9. Rh3 c5 10. Rg3 g6 11. O-O-O cxd4 12. Bxd4 Bxh4 13. Rh3 Qg5+ 14. Qxg5
Bxg5+ 15. Kb1 Nc6 16. Nf3 Bf4 17. g3 Bxe5 18. Nxe5 Ndxe5 19. Be3 Kg7 20. Be2 b5
21. Bc1 Bb7 22. b3 f6 23. f4 Nf7 24. f5 Bc8 25. fxg6 Kxg6 26. Rh2 Ng5 27. Rdh1
Kg7 28. Nd1 d4 29. Nf2 Nb4 30. Nh3 Bb7 31. Rd1 Be4 32. Bd3 Nxd3 33. cxd3 Bf3
34. Rg1 e5 35. Nf2 Be2 36. Rgh1 Rac8 37. Rh5 Rc3 38. Bxg5 fxg5 39. Re1 Bxd3+
40. Nxd3 Rxd3 41. Rxe5 Rf8 42. Re7+ Kf6 43. Re4 Kg7 44. Re7+ Rf7 45. Rxf7+ Kxf7
46. Rxh6 Re3 47. Rxa6 Re4 48. Rb6 Rg4 49. Rxb5 Ke6 50. a4 Kd6 51. Kc2 Rxg3 52.
b4 Rc3+ 53. Kd2 g4 54. Rg5 g3 55. b5 Ra3 56. Ke2 d3+ 57. Ke3 Kc7 58. Rg6 {...}
1/2-1/2

[Event "Mississauga Spring op U2000"]
[Site "Mississauga CAN"]
[Date "2019.03.23"]
[Round "2"]
[White "Green, Ken"]
[Black "Liu, Harrison"]
[Result "1-0"]
[WhiteElo "1734"]
[BlackElo "1756"]
[PlyCount "95"]
[EventDate "2019.03.23"]
[EventType "swiss"]
[EventRounds "5"]
[EventCountry "CAN"]

1. d4 Nf6 2. Bf4 g6 3. Nc3 d5 4. e3 Bg7 5. Nf3 O-O 6. h4 h5 7. Nb5 Ne8 8. Ne5
c6 9. Nc3 Nd7 10. Bd3 Nxe5 11. Bxe5 Nf6 12. Qd2 b5 13. f3 a5 14. Ne2 Nd7 15.
Bxg7 Kxg7 16. g4 Nf6 17. g5 Ne8 18. Ng3 Qc7 19. Rg1 Nd6 20. f4 e6 21. e4 dxe4
22. Nxe4 Nf5 23. Qf2 Rd8 24. Nf6 Ne7 25. O-O-O Ba6 26. Be4 Nd5 27. Bxd5 cxd5
28. Rg3 b4 29. Kb1 Rdc8 30. Re3 Rab8 31. Rde1 Qd6 32. Re5 Bb7 33. Qd2 Rc4 34.
R1e2 Rbc8 35. Qe3 Qc6 36. Qf2 Qb6 37. Rd2 Qc6 38. f5 Rf8 39. fxe6 fxe6 40. Qe3
Bc8 41. Qd3 Ba6 42. Qf3 Bb7 43. Rf2 Rxd4 44. Nxh5+ Kh7 45. Nf6+ Kg7 46. h5 Qd6
47. Re1 Rh4 48. Ne8+ 1-0

[Event "Mississauga Spring op U2000"]
[Site "Mississauga CAN"]
[Date "2019.03.23"]
[Round "2"]
[White "Liao, Joseph"]
[Black "Xiang, Christopher"]
[Result "1/2-1/2"]
[WhiteElo "1789"]
[BlackElo "1696"]
[PlyCount "82"]
[EventDate "2019.03.23"]
[EventType "swiss"]
[EventRounds "5"]
[EventCountry "CAN"]

1. e4 c5 2. Ne2 d6 3. g3 g6 4. Bg2 Bg7 5. O-O Nc6 6. c3 e5 7. d3 Nge7 8. Nd2
O-O 9. f4 Rb8 10. a4 d5 11. Qe1 d4 12. cxd4 Nxd4 13. Qd1 Nec6 14. Nf3 f6 15.
Be3 Be6 16. Nexd4 cxd4 17. Bd2 Qb6 18. Nh4 Qxb2 19. Rb1 Qa3 20. Bc1 Qd6 21. f5
Bf7 22. Qg4 g5 23. Nf3 a5 24. Ne1 Nb4 25. Qe2 Qd7 26. h4 gxh4 27. Qg4 hxg3 28.
Bh6 Be8 29. Qxg3 Kh8 30. Bd2 Rg8 31. Kf2 Bf8 32. Qh4 Qf7 33. Rh1 Nc6 34. Nf3
Bb4 35. Bh6 Qa2+ 36. Nd2 Qf7 37. Rh2 Bf8 38. Bxf8 Rxf8 39. Rbh1 Qh5 40. Qg3 Qf7
41. Qh4 Qh5 1/2-1/2

[Event "Mississauga Spring op U2000"]
[Site "Mississauga CAN"]
[Date "2019.03.23"]
[Round "2"]
[White "Lim, Levi"]
[Black "Baylon, Glenda"]
[Result "1/2-1/2"]
[WhiteElo "1961"]
[BlackElo "1871"]
[PlyCount "59"]
[EventDate "2019.03.23"]
[EventType "swiss"]
[EventRounds "5"]
[EventCountry "CAN"]

1. e4 c5 2. Nf3 Nc6 3. Bb5 d6 4. O-O Bd7 5. Re1 Nf6 6. c3 g6 7. h3 Bg7 8. d4
cxd4 9. cxd4 O-O 10. Nc3 e6 11. Bg5 Qc7 12. Qd2 a6 13. Bf1 Rfe8 14. Rac1 Qa5
15. a3 Rac8 16. Bf4 e5 17. dxe5 dxe5 18. Bg5 Nd4 19. Bxf6 Bxf6 20. b4 Qxa3 21.
Nd5 Bg7 22. Nxd4 exd4 23. Rxc8 Bxc8 24. Qg5 Be6 25. Nc7 Qxb4 26. Nxe8 Qxe1 27.
Nxg7 Kxg7 28. Qe5+ Kg8 29. Qb8+ Kg7 30. Qe5+ 1/2-1/2

[Event "Mississauga Spring op U2000"]
[Site "Mississauga CAN"]
[Date "2019.03.23"]
[Round "2"]
[White "Piccinin, Mario"]
[Black "Locham, Divjot"]
[Result "1-0"]
[WhiteElo "1813"]
[BlackElo "1645"]
[PlyCount "136"]
[EventDate "2019.03.23"]
[EventType "swiss"]
[EventRounds "5"]
[EventCountry "CAN"]

1. f4 d5 2. e3 Nc6 3. Bb5 Bd7 4. Nf3 e6 5. O-O Nf6 6. b3 Ne4 7. Bb2 Nd6 8. Bxc6
Bxc6 9. Ne5 Bb5 10. d3 Qe7 11. a4 Bd7 12. Na3 Nf5 13. Qe2 O-O-O 14. c4 Rg8 15.
cxd5 exd5 16. Rfc1 f6 17. Nxd7 Rxd7 18. e4 g5 19. Nb5 a6 20. Ba3 Qe8 21. Qf2
Ne3 22. Bxf8 Qxf8 23. Qxe3 d4 24. Nxd4 gxf4 25. Qxf4 Qg7 26. Ra2 Rxd4 27. Rac2
c6 28. Qe3 Qd7 29. Rc3 Rd8 30. Rd1 Re8 31. Rf1 Rd8 32. Rxf6 Rxd3 33. Rxd3 Qxd3
34. Qxd3 Rxd3 35. Rf3 Rd2 36. h4 Re2 37. Rf4 Re3 38. Kf2 Rxb3 39. Rf8+ Kd7 40.
Rf7+ Ke6 41. Rxh7 c5 42. Rc7 Kd6 43. Rc8 Rb4 44. Kf3 Rxa4 45. h5 c4 46. h6 Ra5
47. g4 Ra3+ 48. Kg2 Ra2+ 49. Kh3 Ra3+ 50. Kh4 Ra1 51. Rxc4 Kd7 52. Kg5 b5 53.
Rd4+ Ke7 54. h7 Rh1 55. Kg6 Rh4 56. g5 a5 57. Rd5 b4 58. Rxa5 b3 59. e5 b2 60.
Rb5 b1=Q+ 61. Rxb1 Ke6 62. Rb5 Rh3 63. Kg7 Kf5 64. g6 Ke6 65. Kg8 Kf5 66. g7
Kg6 67. h8=Q Rc3 68. Rb6+ Kg5 1-0

[Event "Mississauga Spring op U2000"]
[Site "Mississauga CAN"]
[Date "2019.03.23"]
[Round "3"]
[White "Brajkovic, Nikola"]
[Black "Green, Ken"]
[Result "1-0"]
[WhiteElo "1996"]
[BlackElo "1734"]
[PlyCount "79"]
[EventDate "2019.03.23"]
[EventType "swiss"]
[EventRounds "5"]
[EventCountry "CAN"]

1. e4 c5 2. Nf3 d6 3. h3 g6 4. Bc4 Bg7 5. Nc3 Nf6 6. d3 O-O 7. O-O a6 8. a4 Nc6
9. Bg5 h6 10. Be3 Kh7 11. Qd2 e5 12. Nh2 Be6 13. Bxe6 fxe6 14. f4 Nh5 15. Ne2
exf4 16. Nxf4 Nxf4 17. Rxf4 Qd7 18. c3 Ne5 19. b3 g5 20. Rff1 Rf7 21. Rad1 Raf8
22. d4 cxd4 23. Bxd4 b5 24. Rxf7 Rxf7 25. axb5 Qxb5 26. Qc2 h5 27. c4 Qb7 28.
Bxe5 Bxe5 29. Nf3 Kh6 30. Nxe5 dxe5 31. Rd6 Rf6 32. c5 Qb4 33. Rd2 Rf4 34. c6
Qb6+ 35. Rf2 Qe3 36. Kf1 Rxe4 37. g3 h4 38. c7 hxg3 39. c8=Q Qe1+ 40. Kg2 1-0

[Event "Mississauga Spring op U2000"]
[Site "Mississauga CAN"]
[Date "2019.03.23"]
[Round "3"]
[White "He, Emma"]
[Black "Talsma, Shawn"]
[Result "1-0"]
[WhiteElo "1920"]
[BlackElo "1893"]
[PlyCount "75"]
[EventDate "2019.03.23"]
[EventType "swiss"]
[EventRounds "5"]
[EventCountry "CAN"]

1. e4 c5 2. Nf3 d6 3. c3 Nf6 4. h3 Nc6 5. Bd3 e6 6. Bc2 Be7 7. O-O O-O 8. Re1
Qc7 9. d4 Rd8 10. Nbd2 e5 11. d5 Nb8 12. a4 Nbd7 13. Nc4 Nf8 14. Qe2 Bd7 15. b4
b5 16. Na5 c4 17. axb5 Bxb5 18. Ba4 a6 19. Nd2 N8d7 20. Ndxc4 Nb6 21. Bxb5 axb5
22. Nxb6 Qxb6 23. Be3 Qc7 24. Nc6 Rdc8 25. Qxb5 Bd8 26. Ra4 Rxa4 27. Qxa4 Nd7
28. Ra1 Nb6 29. Bxb6 Qxb6 30. Qa5 Kf8 31. Qxb6 Bxb6 32. Ra6 Bc7 33. b5 Ke8 34.
b6 Bxb6 35. Rxb6 Kd7 36. Rb7+ Rc7 37. Rxc7+ Kxc7 38. Kf1 1-0

[Event "Mississauga Spring op U2000"]
[Site "Mississauga CAN"]
[Date "2019.03.23"]
[Round "3"]
[White "Hua, MIchelle"]
[Black "Milinkovic, Mate"]
[Result "1/2-1/2"]
[WhiteElo "1817"]
[BlackElo "1806"]
[PlyCount "83"]
[EventDate "2019.03.23"]
[EventType "swiss"]
[EventRounds "5"]
[EventCountry "CAN"]

1. c4 Nf6 2. g3 g6 3. Bg2 Bg7 4. Nf3 O-O 5. O-O c6 6. d4 d5 7. Nc3 e6 8. Qd3
Nbd7 9. e4 dxe4 10. Nxe4 Nxe4 11. Qxe4 c5 12. Be3 Nf6 13. Qc2 Ng4 14. Rad1 Nxe3
15. fxe3 cxd4 16. exd4 Rb8 17. Kh1 Qc7 18. Qe2 b6 19. Rc1 Bb7 20. Rfd1 Rfd8 21.
Qf2 Rd7 22. c5 bxc5 23. dxc5 Bxf3 24. Qxf3 Rxd1+ 25. Qxd1 Bxb2 26. Rc2 Rb4 27.
c6 Bd4 28. Qd2 Rb1+ 29. Rc1 Rxc1+ 30. Qxc1 Bb6 31. Qd1 Qe5 32. Qc1 Kf8 33. Qa3+
Ke8 34. Qc1 Kd8 35. Qd1+ Qd4 36. Qf1 e5 37. c7+ Bxc7 38. Qf6+ Kc8 39. Qa6+ Kd8
40. Qf6+ Kc8 41. Qa6+ Kd8 42. Qf6+ 1/2-1/2

[Event "Mississauga Spring op U2000"]
[Site "Mississauga CAN"]
[Date "2019.03.23"]
[Round "3"]
[White "Locham, Divjot"]
[Black "Gashgarian, Rob"]
[Result "1/2-1/2"]
[WhiteElo "1645"]
[BlackElo "1735"]
[PlyCount "96"]
[EventDate "2019.03.23"]
[EventType "swiss"]
[EventRounds "5"]
[EventCountry "CAN"]

1. e4 Nf6 2. Nc3 d5 3. Bb5+ c6 4. Bd3 d4 5. Nce2 e5 6. Nf3 Qc7 7. c3 c5 8. Ng3
Nc6 9. Bc2 g6 10. d3 Bg7 11. cxd4 cxd4 12. O-O O-O 13. Nd2 Bg4 14. f3 Bd7 15.
Nc4 b5 16. Na3 Nb4 17. Bb3 a5 18. Nc2 Na6 19. a4 Nc5 20. Ba2 Rac8 21. axb5 Bxb5
22. Ne1 Qb6 23. f4 Nfxe4 24. Nxe4 Nxe4 25. dxe4 Bxf1 26. Kxf1 exf4 27. Bxf4 Qf6
28. Qf3 g5 29. Bd2 Qe5 30. Bxa5 Kh8 31. Bb4 Qb5+ 32. Nd3 Rc6 33. Kg1 Rf6 34.
Qd1 Ra8 35. Be7 Rfa6 36. Ba3 Qe8 37. Bd5 Rd8 38. Rc1 f5 39. Bc4 Rh6 40. exf5
Qe3+ 41. Kh1 Be5 42. Nxe5 Qxe5 43. h3 Qxf5 44. Be7 Rd7 45. Ba3 d3 46. b4 Kg7
47. Bb2+ Kg6 48. Rc3 Rxh3+ 1/2-1/2

[Event "Mississauga Spring op U2000"]
[Site "Mississauga CAN"]
[Date "2019.03.23"]
[Round "3"]
[White "McDonald, Mike"]
[Black "Dela Torre, Marife O"]
[Result "0-1"]
[WhiteElo "1714"]
[BlackElo "1920"]
[PlyCount "68"]
[EventDate "2019.03.23"]
[EventType "swiss"]
[EventRounds "5"]
[EventCountry "CAN"]

1. e4 e5 2. Nf3 Nc6 3. Bc4 Nf6 4. d3 Be7 5. Nc3 d6 6. h3 O-O 7. O-O Na5 8. Bb3
c5 9. Nd5 Nxb3 10. Nxe7+ Qxe7 11. axb3 Bd7 12. Re1 Bc6 13. Bd2 b5 14. c4 Qb7
15. Nh4 Rfb8 16. Qc1 Nd7 17. Nf5 Qc7 18. f4 Nf8 19. fxe5 dxe5 20. Ba5 Qd7 21.
Qg5 f6 22. Qg3 b4 23. Red1 Ne6 24. h4 Rb7 25. h5 Nf4 26. Qf3 Qxf5 27. exf5 Bxf3
28. gxf3 Ne2+ 29. Kf2 Nd4 30. Rg1 Nxf5 31. f4 exf4 32. Kf3 Nd4+ 33. Ke4 Rd7 34.
Rgf1 Nxb3 0-1

[Event "Mississauga Spring op U2000"]
[Site "Mississauga CAN"]
[Date "2019.03.23"]
[Round "3"]
[White "Orozco, Joey"]
[Black "Chakkoli, Anirud"]
[Result "1-0"]
[WhiteElo "1820"]
[BlackElo "1659"]
[PlyCount "215"]
[EventDate "2019.03.23"]
[EventType "swiss"]
[EventRounds "5"]
[EventCountry "CAN"]

1. d4 Nf6 2. Nf3 d5 3. e3 c5 4. c3 Nc6 5. Bd3 e6 6. Nbd2 cxd4 7. exd4 Bd6 8.
O-O O-O 9. Re1 Nd7 10. Qc2 h6 11. Nb3 e5 12. dxe5 Ndxe5 13. Nxe5 Nxe5 14. Bf5
Re8 15. Bd2 Be6 16. Nd4 Qf6 17. Nxe6 fxe6 18. Bh3 Qh4 19. Re3 Nc4 20. Bxe6+
Rxe6 21. Rxe6 Qxh2+ 22. Kf1 Qh1+ 23. Ke2 Qxg2 24. Qg6 Qxg6 25. Rxg6 Re8+ 26.
Kd1 Nxb2+ 27. Kc2 Nc4 28. Re1 Rf8 29. Re2 Kh7 30. Rge6 Bc5 31. Be3 Nxe3+ 32.
fxe3 Rf5 33. Kd3 h5 34. Rg2 g5 35. Ke2 g4 36. Rf2 Rg5 37. Rf7+ Kg8 38. Rxb7 g3
39. Rb1 Kf7 40. Rc6 Bb6 41. Rg1 h4 42. Kf3 Kg7 43. Kf4 Bxe3+ 44. Kxe3 h3 45.
Rc7+ Kg6 46. Rc6+ Kh5 47. Rh1 Kg4 48. Rh6 g2 49. R6xh3 gxh1=Q 50. Rxh1 Kf5 51.
Kd4 Ke6 52. Rh6+ Kd7 53. Rh7+ Kc6 54. Rxa7 Rg4+ 55. Kd3 Rc4 56. Ra3 Kb5 57.
Rb3+ Kc6 58. Rb4 Rc5 59. Ra4 Kb5 60. Rb4+ Kc6 61. Kc2 Ra5 62. Kb3 Kc5 63. a4
Kc6 64. Rb8 Rc5 65. Rh8 Kd6 66. Rh6+ Kc7 67. Rh4 Kb6 68. Kb2 Rc8 69. Rh6+ Ka7
70. Rh4 Ka6 71. Rd4 Rb8+ 72. Ka3 Rc8 73. Kb3 Rb8+ 74. Rb4 Rc8 75. Kc2 Ka5 76.
Kd3 Rc5 77. Kd4 Rc7 78. Rb5+ Kxa4 79. Rxd5 Rh7 80. c4 Rh4+ 81. Kc5 Kb3 82. Rd4
Rh5+ 83. Kb6 Kc3 84. Rg4 Rh6+ 85. Kb5 Rh5+ 86. c5 Kb3 87. Kb6 Rh1 88. c6 Ka3
89. c7 Rb1+ 90. Ka7 Rc1 91. Kb7 Rb1+ 92. Kc8 Rc1 93. Kb7 Rb1+ 94. Kc8 Rc1 95.
Rd4 Rg1 96. Rd3+ Kb4 97. Kb8 Kc4 98. Ra3 Rb1+ 99. Ka7 Kb4 100. Ra6 Rc1 101. Kb7
Kb3 102. c8=Q Rxc8 103. Kxc8 Kb4 104. Kd7 Kc4 105. Ke6 Kd4 106. Kf5 Kc4 107.
Ke5 Kb4 108. Kd5 1-0

[Event "Mississauga Spring op U2000"]
[Site "Mississauga CAN"]
[Date "2019.03.23"]
[Round "3"]
[White "Piccinin, Mario"]
[Black "Lim, Levi"]
[Result "0-1"]
[WhiteElo "1813"]
[BlackElo "1961"]
[PlyCount "116"]
[EventDate "2019.03.23"]
[EventType "swiss"]
[EventRounds "5"]
[EventCountry "CAN"]

1. f4 d5 2. e3 c5 3. Nf3 Nc6 4. Bb5 Bd7 5. O-O a6 6. Bxc6 Bxc6 7. Ne5 Nf6 8. b3
e6 9. Bb2 d4 10. Na3 dxe3 11. dxe3 Qxd1 12. Rfxd1 Be4 13. Rd2 Be7 14. Rad1 b5
15. c4 b4 16. Nc2 O-O 17. Ne1 Rad8 18. Nd7 Nxd7 19. Rxd7 Bc6 20. Rxd8 Rxd8 21.
Rxd8+ Bxd8 22. a3 Be4 23. axb4 cxb4 24. Bd4 Kf8 25. Nf3 Bc2 26. Nd2 f6 27. Kf2
Ke8 28. Ke2 Kd7 29. Bc5 a5 30. h4 h5 31. g3 Kc6 32. Bd4 Bc7 33. Kf3 Bd1+ 34.
Kf2 e5 35. Bb2 exf4 36. gxf4 Kd7 37. Ke1 Bc2 38. Ke2 Ke7 39. Kf3 Bd1+ 40. Ke4
Kd6 41. Kd3 Kc6 42. Bd4 Bd8 43. f5 Bc7 44. e4 Bg3 45. Bb2 Bxh4 46. e5 fxe5 47.
Bxe5 Bf6 48. Bxf6 gxf6 49. Ne4 Bxb3 50. Nxf6 Ba2 51. Nxh5 Bb1+ 52. Kd2 Bxf5 53.
Nf4 Kc5 54. Kc1 Kxc4 55. Kb2 a4 56. Ne2 a3+ 57. Ka2 Be6 58. Ka1 b3 0-1

[Event "Mississauga Spring op U2000"]
[Site "Mississauga CAN"]
[Date "2019.03.23"]
[Round "3"]
[White "Ran, Xiaoyu"]
[Black "Liao, Joseph"]
[Result "1-0"]
[WhiteElo "1602"]
[BlackElo "1789"]
[PlyCount "78"]
[EventDate "2019.03.23"]
[EventType "swiss"]
[EventRounds "5"]
[EventCountry "CAN"]

1. e4 e6 2. d4 d5 3. Nc3 Bb4 4. e5 c5 5. a3 Bxc3+ 6. bxc3 Ne7 7. Qg4 Qc7 8. Bd3
cxd4 9. Ne2 dxc3 10. Qxg7 Rg8 11. Qxh7 Qxe5 12. Bf4 Qf6 13. Qh6 Qxh6 14. Bxh6
Rxg2 15. Ng3 e5 16. Bf1 Rxg3 17. hxg3 Bf5 18. Kd1 Nbc6 19. Bb5 O-O-O 20. Bg5
Rd6 21. Rh8+ Kc7 22. Bxc6 Nxc6 23. Rh6 Bg6 24. f4 e4 25. f5 f6 26. Bf4 Bxf5 27.
Rxf6 d4 28. Bxd6+ Kd7 29. Rxf5 Kxd6 30. Rf6+ Kd5 31. Rxc6 bxc6 32. Ke2 c5 33.
g4 c4 34. Rf1 Ke5 35. g5 d3+ 36. cxd3 cxd3+ 37. Ke3 c2 38. g6 c1=Q+ 39. Rxc1
Kf6 1-0

[Event "Mississauga Spring op U2000"]
[Site "Mississauga CAN"]
[Date "2019.03.23"]
[Round "3"]
[White "Supsup, Ferdinand"]
[Black "Sharma, Vishruth"]
[Result "0-1"]
[WhiteElo "178"]
[BlackElo "1725"]
[PlyCount "58"]
[EventDate "2019.03.23"]
[EventType "swiss"]
[EventRounds "5"]
[EventCountry "CAN"]

1. e4 e5 2. Nf3 Nc6 3. Bc4 Bc5 4. O-O Nf6 5. d4 Bxd4 6. Nxd4 Nxd4 7. f4 d6 8.
fxe5 dxe5 9. Bg5 Qe7 10. c3 Ne6 11. Bxf6 gxf6 12. Na3 Nf4 13. Kh1 Bd7 14. Qf3
Rg8 15. g3 Bg4 16. Qf2 Nh5 17. Be2 Qe6 18. Rad1 Bxe2 19. Qxe2 Qh3 20. Rf3 Rxg3
21. Rdd3 Rxf3 22. Rxf3 Qg4 23. Qe3 O-O-O 24. Rf1 Nf4 25. Rg1 Rd1 26. h3 Rxg1+
27. Qxg1 Qxh3+ 28. Qh2 Qf3+ 29. Kg1 Ne2+ 0-1

[Event "Mississauga Spring op U2000"]
[Site "Mississauga CAN"]
[Date "2019.03.23"]
[Round "3"]
[White "Xiang, Christopher"]
[Black "Cao, Bruce"]
[Result "1-0"]
[WhiteElo "1696"]
[BlackElo "1756"]
[PlyCount "93"]
[EventDate "2019.03.23"]
[EventType "swiss"]
[EventRounds "5"]
[EventCountry "CAN"]

1. e4 c5 2. Nf3 d6 3. d4 cxd4 4. Nxd4 g6 5. c4 Bg7 6. Nc3 Nf6 7. Be2 Nc6 8. Be3
O-O 9. O-O a6 10. f4 e5 11. Nb3 Qe7 12. f5 Rb8 13. Nd5 Nxd5 14. cxd5 Nd4 15.
Bd3 Nxb3 16. Qxb3 b5 17. Qc2 Bb7 18. Qd2 f6 19. Be2 g5 20. Bb6 Kh8 21. Ba5 Rfc8
22. Rac1 Qd7 23. Rf3 Rxc1+ 24. Qxc1 Rc8 25. Rc3 Bf8 26. Rxc8 Qxc8 27. Qxc8 Bxc8
28. Kf2 Kg7 29. Ke3 Bd7 30. Kd3 Be8 31. Kc3 h5 32. Kb4 g4 33. a4 Kh6 34. axb5
axb5 35. Bxb5 Bxb5 36. Kxb5 Kg5 37. g3 h4 38. Bd2+ Kh5 39. Kc6 h3 40. b4 Be7
41. b5 Bd8 42. Bb4 Be7 43. b6 Bf8 44. b7 Bh6 45. b8=Q Bd2 46. Qe8+ Kh6 47. Qh8+
1-0

[Event "Mississauga Spring op U2000"]
[Site "Mississauga CAN"]
[Date "2019.03.24"]
[Round "4"]
[White "Baylon, Glenda"]
[Black "Brajkovic, Nikola"]
[Result "1/2-1/2"]
[WhiteElo "1871"]
[BlackElo "1996"]
[PlyCount "131"]
[EventDate "2019.03.23"]
[EventType "swiss"]
[EventRounds "5"]
[EventCountry "CAN"]

1. d4 Nf6 2. c4 e6 3. Nc3 d5 4. e3 Be7 5. Nf3 b6 6. cxd5 exd5 7. Bd3 O-O 8. h3
Bb7 9. O-O Nbd7 10. b3 Ne4 11. Bxe4 dxe4 12. Nd2 f5 13. Bb2 Nf6 14. Rc1 Re8 15.
Nc4 Ba6 16. Re1 c6 17. Qd2 Qd7 18. Ne5 Qe6 19. Rc2 Bb4 20. Rec1 Rac8 21. Qd1
Bb7 22. Ne2 Nd5 23. a3 Bd6 24. Rd2 Bb8 25. Nc3 Ba6 26. Nxd5 Qxd5 27. b4 h6 28.
Rc3 Kh7 29. Qc1 Bxe5 30. dxe5 Rxe5 31. Rdc2 Bb5 32. Rxc6 Bxc6 33. Rxc6 Rxc6 34.
Bxe5 Qxe5 35. Qxc6 Qa1+ 36. Kh2 Qxa3 37. Qb5 Qd3 38. Qxf5+ Kg8 39. Qc8+ Kf7 40.
Qc7+ Kf6 41. Qxa7 Qd6+ 42. g3 Qxb4 43. Qc7 Qc5 44. Qd8+ Kf7 45. Qd7+ Qe7 46.
Qd5+ Qe6 47. Qb7+ Kf6 48. Kg2 g6 49. Qb8 h5 50. Qf4+ Ke7 51. Qc7+ Ke8 52. Qb8+
Kd7 53. Qb7+ Ke8 54. Qb8+ Kf7 55. Qc7+ Kf6 56. Qf4+ Kg7 57. Qc7+ Kh6 58. Qf4+
g5 59. Qf8+ Kg6 60. Qb8 Kf6 61. Qd8+ Kg6 62. Qb8 g4 63. hxg4 hxg4 64. Qb7 Kf6
65. Qb8 Kg6 66. Qb7 1/2-1/2

[Event "Mississauga Spring op U2000"]
[Site "Mississauga CAN"]
[Date "2019.03.24"]
[Round "4"]
[White "Cao, Bruce"]
[Black "Liu, Harrison"]
[Result "0-1"]
[WhiteElo "1756"]
[BlackElo "1756"]
[PlyCount "66"]
[EventDate "2019.03.23"]
[EventType "swiss"]
[EventRounds "5"]
[EventCountry "CAN"]

1. e4 c5 2. Nf3 d6 3. d4 cxd4 4. Nxd4 Nf6 5. Nc3 g6 6. Bc4 Bg7 7. f3 O-O 8. Be3
Nc6 9. Qd2 Bd7 10. O-O-O a6 11. g4 b5 12. Bb3 Ne5 13. Bh6 Nc4 14. Bxc4 bxc4 15.
h4 Rb8 16. h5 Qb6 17. b3 Qa5 18. Bxg7 Kxg7 19. hxg6 fxg6 20. Qh6+ Kg8 21. Nd5
Rf7 22. Nf5 Nxd5 23. Rxd5 Qa3+ 24. Kd1 gxf5 25. gxf5 Qb2 26. e5 Bxf5 27. e6
Qxc2+ 28. Ke1 Rg7 29. Rd2 Qc3 30. Rh5 cxb3 31. axb3 Qc1+ 32. Kf2 Qg1+ 33. Ke2
Rg2# 0-1

[Event "Mississauga Spring op U2000"]
[Site "Mississauga CAN"]
[Date "2019.03.24"]
[Round "4"]
[White "Chakkoli, Anirud"]
[Black "Qu, Greta"]
[Result "1/2-1/2"]
[WhiteElo "1659"]
[BlackElo "1741"]
[PlyCount "123"]
[EventDate "2019.03.23"]
[EventType "swiss"]
[EventRounds "5"]
[EventCountry "CAN"]

1. e4 c5 2. Ne2 Nc6 3. d4 cxd4 4. Nxd4 g6 5. Be3 Bg7 6. c4 Nf6 7. Nc3 d6 8. f3
Nxd4 9. Bxd4 Be6 10. Be2 Qa5 11. O-O O-O 12. Rc1 Rfc8 13. b3 Bd7 14. Qd2 Bc6
15. Rfd1 Rd8 16. a3 Be8 17. Ra1 Qc7 18. Ra2 a5 19. Qe3 Ra6 20. Bxf6 Bxf6 21.
Nd5 Qc6 22. e5 Bh4 23. g3 e6 24. Nf6+ Bxf6 25. exf6 Qb6 26. c5 dxc5 27. Rxd8
Qxd8 28. Bxa6 bxa6 29. Qxc5 Qxf6 30. Kg2 Kg7 31. Rd2 Qf5 32. Qxf5 gxf5 33. f4
a4 34. bxa4 Bxa4 35. Rd4 Bb5 36. a4 Bc6+ 37. Kf2 Kf6 38. Ke3 Ke7 39. Rc4 Kd6
40. Rd4+ Kc7 41. Kd3 a5 42. Rc4 Kd6 43. Kd4 f6 44. Rc5 Bxa4 45. Rxa5 Bc6 46.
Ra7 e5+ 47. Ke3 Bd7 48. Ra6+ Bc6 49. Ra7 h5 50. Rh7 Be8 51. h4 Ke6 52. Ra7 Kd6
53. Ra8 Ke7 54. Ra7+ Kd6 55. Ra8 Ke7 56. Ra6 Bd7 57. Rb6 Be8 58. Ra6 Bd7 59.
Ra7 Kd6 60. Ra8 Ke7 61. Ra5 Kd6 62. Ra8 1/2-1/2

[Event "Mississauga Spring op U2000"]
[Site "Mississauga CAN"]
[Date "2019.03.24"]
[Round "4"]
[White "Dela Torre, Marife O"]
[Black "He, Emma"]
[Result "1-0"]
[WhiteElo "1920"]
[BlackElo "1920"]
[PlyCount "181"]
[EventDate "2019.03.23"]
[EventType "swiss"]
[EventRounds "5"]
[EventCountry "CAN"]

1. e4 e5 2. Nf3 Nc6 3. Bc4 Nf6 4. d3 Bc5 5. c3 a6 6. Bb3 Ba7 7. Nbd2 d6 8. h3
h6 9. Nf1 Be6 10. Bc2 d5 11. Qe2 d4 12. Ng3 b5 13. O-O O-O 14. Nh4 dxc3 15.
bxc3 b4 16. Ba4 Ne7 17. cxb4 Qd4 18. Rb1 Rfd8 19. Rd1 a5 20. Nf3 Qc3 21. a3
axb4 22. Bb2 Qc5 23. Bxe5 bxa3 24. Rb5 Qxf2+ 25. Qxf2 Bxf2+ 26. Kxf2 Rxa4 27.
Ke3 a2 28. Ba1 Nc6 29. Rc5 Nb4 30. Rd2 Rb8 31. Ne2 Na6 32. Rc1 Rab4 33. Nfd4
Rb1 34. Nxe6 fxe6 35. Rxa2 R8b6 36. Bd4 Nb4 37. Bxb6 Nxa2 38. Bxc7 Rb3 39. Rd1
Nb4 40. Nd4 Rc3 41. Ba5 Nc2+ 42. Nxc2 Rxc2 43. Rd2 Rc5 44. Bb4 Rg5 45. Rf2 h5
46. Be7 Kf7 47. Kf4 Rb5 48. Bxf6 Kxf6 49. Ke3+ Kg5 50. g3 h4 51. Rg2 hxg3 52.
Rxg3+ Kf6 53. h4 Rh5 54. Rg4 g6 55. d4 Ra5 56. e5+ Kf7 57. Rf4+ Ke7 58. Rf6
Ra3+ 59. Kf4 Rd3 60. Ke4 Rh3 61. Rxg6 Rxh4+ 62. Kd3 Rh1 63. Rg7+ Kd8 64. Kc4
Rc1+ 65. Kb4 Ke8 66. Rg3 Kd7 67. Rg7+ Ke8 68. Kb5 Kd8 69. Kb6 Rc2 70. Rg8+ Kd7
71. Rg7+ Kd8 72. Kb5 Rc1 73. Kb4 Rc2 74. Rg3 Kd7 75. Rc3 Rb2+ 76. Kc4 Rd2 77.
Ra3 Rc2+ 78. Kd3 Rc1 79. Ra7+ Ke8 80. Ra3 Ke7 81. Rc3 Rd1+ 82. Ke3 Kd7 83. Ra3
Ke7 84. Ra4 Kd7 85. Kf4 Rf1+ 86. Ke3 Rc1 87. Ra7+ Ke8 88. d5 exd5 89. Kd4 Rd1+
90. Kc5 Rh1 91. Kd6 {time} 1-0

[Event "Mississauga Spring op U2000"]
[Site "Mississauga CAN"]
[Date "2019.03.24"]
[Round "4"]
[White "Liao, Joseph"]
[Black "Hua, MIchelle"]
[Result "0-1"]
[WhiteElo "1789"]
[BlackElo "1817"]
[PlyCount "54"]
[EventDate "2019.03.23"]
[EventType "swiss"]
[EventRounds "5"]
[EventCountry "CAN"]

1. e4 c5 2. Ne2 d6 3. g3 Nf6 4. Bg2 Nc6 5. O-O g6 6. c3 Bg7 7. d4 O-O 8. h3 Qc7
9. Be3 b6 10. f4 e6 11. Nd2 Bb7 12. f5 exf5 13. exf5 Rac8 14. Bf4 Ba6 15. c4
Nh5 16. Bxc6 Qxc6 17. d5 Qd7 18. g4 Nxf4 19. Nxf4 Bxb2 20. Rb1 Bd4+ 21. Kg2 b5
22. Nf3 Bg7 23. Ne1 bxc4 24. Nh5 gxh5 25. f6 hxg4 26. fxg7 Kxg7 27. Qd2 f6 {...
} 0-1

[Event "Mississauga Spring op U2000"]
[Site "Mississauga CAN"]
[Date "2019.03.24"]
[Round "4"]
[White "Lim, Levi"]
[Black "Orozco, Joey"]
[Result "1/2-1/2"]
[WhiteElo "1961"]
[BlackElo "1820"]
[PlyCount "45"]
[EventDate "2019.03.23"]
[EventType "swiss"]
[EventRounds "5"]
[EventCountry "CAN"]

1. e4 e6 2. d4 d5 3. Nd2 Nf6 4. e5 Nfd7 5. Bd3 c5 6. c3 Nc6 7. Ne2 cxd4 8. cxd4
f6 9. exf6 Qxf6 10. Nf3 h6 11. O-O Bd6 12. Kh1 O-O 13. Ng3 Rd8 14. a3 Nf8 15.
b4 a6 16. Bb2 Bd7 17. Re1 Be8 18. Ne5 Rac8 19. Re3 Qg5 20. Nf3 Qf5 21. Ne5 Qg5
22. Nf3 Qf6 23. Ne5 1/2-1/2

[Event "Mississauga Spring op U2000"]
[Site "Mississauga CAN"]
[Date "2019.03.24"]
[Round "4"]
[White "Milinkovic, Mate"]
[Black "Locham, Divjot"]
[Result "0-1"]
[WhiteElo "1806"]
[BlackElo "1645"]
[PlyCount "68"]
[EventDate "2019.03.23"]
[EventType "swiss"]
[EventRounds "5"]
[EventCountry "CAN"]

1. e4 e5 2. Nf3 Nc6 3. Bb5 a6 4. Ba4 Nf6 5. d3 Bc5 6. O-O b5 7. Bb3 O-O 8. c3
Be7 9. Nbd2 d6 10. h3 Nb8 11. Re1 Nbd7 12. Nf1 h6 13. Be3 Bb7 14. Ng3 Re8 15.
Qd2 Nh7 16. Nf5 Bf8 17. Rad1 Qf6 18. Nh2 Nc5 19. Ng4 Qg6 20. Bc2 h5 21. Nh2 d5
22. f3 Rad8 23. Qf2 Ng5 24. Kh1 Nce6 25. h4 Nh7 26. Rg1 Nf4 27. Bxf4 exf4 28.
g4 dxe4 29. dxe4 c5 30. gxh5 Qxh5 31. Rxd8 Rxd8 32. Qg2 g6 33. Ng4 Kh8 34. e5
gxf5 0-1